000 01196cam a22003497a 4500
003 CHAP
005 20220329142341.0
008 000911d1994 mx r 00110 esp d
010 _a82187
011 _a83159
020 _a968 444 180 0
035 _a93669
040 _cCHAP
082 0 4 _a462
_bS3 1998
100 0 0 _aSantiago, María de Lourdes.
_9102403
245 1 0 _aEtimologías :
_bintroducción a la historia del léxico español
_c/por María de Lourdes Santigo, Juan López Chávez y Karen Dakin
260 _aMéxico, D. F. :
_bAddison Wesley Longman,
_c1994.
300 _a250 p.
590 _aBATCH-UPD
_b10
_c20130110
_lUCH01
_h0418
590 _aBATCH-UPD
_b10
_c20130110
_lUCH01
_h2105
590 _aBATCH-UPD
_b10
_c20130410
_lUCH01
_h0052
590 _aBATCH-UPD
_b10
_c20130410
_lUCH01
_h1629
590 _aBATCH-UPD
_b10
_c20130914
_lUCH01
_h1135
590 _aCONVERSION
_b10
_c20130109
_lUCH01
_h1346
650 1 4 _aEtimología.
_938605
700 0 _aDakin, Karen.
_930919
700 0 _aLópez Chávez, Juan.
_967773
901 _aBK
905 _aLilia Sánchez G.
942 _cLIBRO
949 _a462 S3 1998
_bBC
_cLIBRO
_d33724000788659
_eLIBRO
_gI. c/e
_h98630
_i93669
_si
_t$57.00
999 _c82187
_d82187